01450nam a2200289 a 4500001001000000005001700010008004100027041000800068044000800076084002100084100004500105245019100150260003600341300004200377500028700419500005600706500004300762500003400805500001000839546002400849650005200873650005600925650003400981650004501015700005001060740005001110BRCA_322720190320204156.0040309s1782----enka---###---#000-0#eng-# aeng aenk a528b.H377c17821 aCervantes Saavedra, Miguel ded1547-161610aThe History and Adventures of the Renowned Don QuixotecTranslated from de Spanish of Miguel de Cervantes Saavedra to wich is Prefixed some Account of the Author´s Life by Dr. Smollett. aLondresbHarrison and Co.c1782 a1 v. en 4 tomos (589 p.)bil.c23 cm. aContenido : t.1. Primera parte. Vida de Cervantes por Smollett. Advertencia del traductor. Prólogo del autor. -- t.2. Texto. -- t.3. Segunda parte. Prólogo del autor. Aprobación de Márquez Torres. Licencia de Gutierre de Cetina. Aprobación de J. Valdivielso. -- t.4. Texto aEjemplar similar al anterior [527] Lúdovik Osterc aEstado físico : Cubierta desprendida aCon ex-libris de : S. New Ham aQM790 aTexto en : inglés14aNovela españolayÉpoca clásica, 1500-170014aLiteratura españolayÉpoca clásica, 1500-170014aNovela españolaySiglo XVII14aDon Quijote (Personaje ficticio)eNovela1 aSmollett, Tobias Georged1721-1771eTraductor0 aEl Ingenioso Hidalgo Don Quijote de la Mancha